000 00453nmm a2200169Ia 4500
008 251105s9999||||xx |||||||||||||||||und||
020 _a9788416638734
041 _aspa
100 _aColinas, Antonio
245 0 _aMemorias del estanque
264 _a[Madrid, España] :
_bSiruela,
_c2016
300 _a363 páginas
490 _aLibros del Tiempo
650 _aBiography
856 _uhttps://public.digitaliapublishing.com/a/44780
942 _cCF
999 _c77923
_d77923